Praxis ecclesiastica et saecularis in qua (Record no. 8286)

MARC details
000 -CABECERA
campo de control de longitud fija 01677nam a2200337 a 4500
001 - NÚMERO DE CONTROL
campo de control BRCA_8626
005 - FECHA Y HORA DE LA ÚLTIMA TRANSACCIÓN
campo de control 20190320210341.0
008 - DATOS DE LONGITUD FIJA--INFORMACIÓN GENERAL
campo de control de longitud fija 210916s1790----sp-#######---#000-0#lat-#
041 ## - CÓDIGO DE LENGUA
Código de lengua del texto/banda sonora o título independiente lat
044 ## - CÓDIGO DEL PAÍS DE LA ENTIDAD EDITORA/PRODUCTORA
Código MARC del país sp
050 #4 - SIGNATURA TOPOGRÁFICA DE LA BIBLIOTECA DEL CONGRESO
Número de clasificación KBR2155
Número de documento/Ítem .S82
-- 1790
100 1# - ENTRADA PRINCIPAL--NOMBRE DE PERSONA
Nombre de persona Suarez de paz, Domino Gundisalvo
9 (RLIN) 21541
245 10 - MENCIÓN DE TÍTULO
Título Praxis ecclesiastica et saecularis in qua
Resto del título acta processuum omnium utriusque fori causarum cum actionum formulis sermone hispano composita & ad nodierum stylum accomodata traduntur & ordinatur
Mención de responsabilidad, etc. Domino Gundisalvo Suarez de paz.
250 ## - MENCIÓN DE EDICIÓN
Mención de edición editio novissima
260 ## - PUBLICACIÓN, DISTRIBUCIÓN, ETC.
Lugar de publicación, distribución, etc. Matriti
Nombre del editor, distribuidor, etc. Apud d. petrum marin
Fecha de publicación, distribución, etc. 1790
300 ## - DESCRIPCIÓN FÍSICA
Extensión T.I y II
Dimensiones 30 cm
500 ## - NOTA GENERAL
Nota general Fondo antiguo
500 ## - NOTA GENERAL
Nota general Se encuentra en Caja Fuerte
500 ## - NOTA GENERAL
Nota general LM- 37
500 ## - NOTA GENERAL
Nota general Incluye índice
500 ## - NOTA GENERAL
Nota general Texto impreso a dos columnas
500 ## - NOTA GENERAL
Nota general Uso de viñetas al final de los capítulos
500 ## - NOTA GENERAL
Nota general Estado físico: se observa daño por polilla en las páginas del documento
500 ## - NOTA GENERAL
Nota general Nota de encuadernación: en piel pergamino
505 0# - NOTA DE CONTENIDO CON FORMATO
Nota de contenido con formato Primus tomus contiene: forma et modo procedendi tam in causis civilibus quam in criminalibus, agitandis in tribunalibus saecularibus, tám in prima, quám in reliquis instantiis.-- secundos tomus en forma, et modo procedenti in foto ecclesiastico circa causas ibi pertractandas.-- S. Rotae romanae decisiones recentissimo Domini Suarez de Paz praxim ecclesiasticam, et saecularem iaudentes, & confirmantes
506 0# - NOTA DE RESTRICCIONES AL ACCESO
Limitaciones de acceso Fondo reservado: para su consulta es necesario credencial de usuario y carta de motivos
650 14 - PUNTO DE ACCESO ADICIONAL DE MATERIA--TÉRMINO DE MATERIA
Término de materia o nombre geográfico como elemento de entrada Derecho canónico
9 (RLIN) 21260
650 14 - PUNTO DE ACCESO ADICIONAL DE MATERIA--TÉRMINO DE MATERIA
Término de materia o nombre geográfico como elemento de entrada Derecho civil
9 (RLIN) 21542
902 ## - CATALOGADOR
Iniciales LAR
942 ## - ELEMENTOS DE PUNTO DE ACCESO ADICIONAL (KOHA)
Fuente del sistema de clasificación o colocación Library of Congress Classification
Tipo de ítem Koha Libros
Holdings
Estado de retiro Estado de pérdida Estado dañado No para préstamo Localización permanente Ubicación/localización actual Fecha de adquisición Número de inventario Total de préstamos Signatura topográfica completa Código de barras Fecha visto por última vez Precio válido a partir de Tipo de ítem Koha Código de colección
El ejemplar forma parte de la colección y puede ser consultado según las políticas vigentes.       Biblioteca del Museo Franz Mayer (Rogerio Casas-Alatriste) Biblioteca del Museo Franz Mayer (Rogerio Casas-Alatriste) 21/09/2016 LM- 37   KBR2155 .S82 1790 (LM- 37) LAR00129 22/03/2019 22/03/2019 Libros  
El ejemplar forma parte de la colección y puede ser consultado según las políticas vigentes.       Biblioteca del Museo Franz Mayer (Rogerio Casas-Alatriste) Biblioteca del Museo Franz Mayer (Rogerio Casas-Alatriste) 22/12/2016 LM- 37   KBR2155 .S82 1790 (LM- 37) LAR00130 22/03/2019 22/03/2019 Libros Libros Antiguos y Raros